Ресурсоэффективные комиксы; Архитекторы будущего

Podrobná bibliografie
Parent link:Архитекторы будущего.— 2014.— [С. 89-91]
Korporativní autor: Национальный исследовательский Томский политехнический университет (ТПУ)
Další autoři: Украиинец О. А., Иванова А. А., Захаркина Д. А., Тхорик О. В.
Shrnutí:Заглавие с титульного экрана
Jazyk:ruština
Vydáno: 2014
Témata:
On-line přístup:http://earchive.tpu.ru/handle/11683/21865
Médium: MixedMaterials Elektronický zdroj Kapitola
KOHA link:https://koha.lib.tpu.ru/cgi-bin/koha/opac-detail.pl?biblionumber=617842

MARC

LEADER 00000naa2a2200000 4500
001 617842
005 20231101133000.0
035 |a (RuTPU)RU\TPU\conf\16184 
035 |a RU\TPU\conf\16183 
090 |a 617842 
100 |a 20160419d2014 k y0rusy50 ca 
101 0 |a rus  |e rus 
102 |a RU 
105 |a y z 101zy 
135 |a drgn ---uucaa 
181 0 |a i  
182 0 |a b 
200 1 |a Ресурсоэффективные комиксы  |f О. А. Украиинец, А. А. Иванова, Д. А. Захаркина, О. В. Тхорик 
203 |a Текст  |c электронный 
230 |a 1 компьютерный файл (pdf; 197 Кб) 
300 |a Заглавие с титульного экрана 
337 |a Adobe Reader 
463 0 |0 (RuTPU)RU\TPU\conf\12711  |t Архитекторы будущего  |o сборник научных трудов Всероссийской научной школы по инженерному изобретательству, проектированию и разработке инноваций, 14-16 ноября 2014 г., г. Томск  |f Национальный исследовательский Томский политехнический университет (ТПУ)   |v [С. 89-91]  |d 2014 
610 1 |a труды учёных ТПУ 
610 1 |a электронный ресурс 
610 1 |a ресурсоэффективность 
610 1 |a комиксы 
610 1 |a энергосбережение 
701 1 |a Украиинец  |b О. А. 
701 1 |a Иванова  |b А. А. 
701 1 |a Захаркина  |b Д. А. 
701 1 |a Тхорик  |b О. В. 
712 0 2 |a Национальный исследовательский Томский политехнический университет (ТПУ)  |c (2009- )  |2 stltpush  |3 (RuTPU)RU\TPU\col\15902 
801 2 |a RU  |b 63413507  |c 20220225  |g RCR 
856 4 |u http://earchive.tpu.ru/handle/11683/21865 
942 |c BK